[Event "London Classic Open 2015"]
[Site "London ENG"]
[Date "2015.12.04"]
[Round "1.34"]
[White "Feldman, Antony"]
[Black "Wegerle, Joerg"]
[Result "0-1"]
[BlackTitle "IM"]
[WhiteElo "2024"]
[BlackElo "2440"]
[WhiteFideId "2804565"]
[BlackFideId "4644743"]
[EventDate "2015.12.04"]

1. Nf3 d5 2. g3 c6 3. Bg2 Bg4 4. O-O Nd7 5. d4 e6 6. h3 Bxf3 7. Bxf3 f5 8. Bf4
Ngf6 9. c4 g6 10. Qb3 Qb6 11. c5 Qxb3 12. axb3 Bg7 13. Rd1 O-O 14. b4 a6 15. Nc3
Ne4 16. Bxe4 fxe4 17. Kg2 e5 18. dxe5 Bxe5 19. Bxe5 Nxe5 20. b3 Rf6 21. Rd4 g5
22. Rf1 Re8 23. Nd1 Nd7 24. Ne3 Nf8 25. Rdd1 h5 26. Nc2 Ng6 27. Ne3 Re5 28. Nc2
Rf7 29. Nd4 Nf8 30. Ra1 Ne6 31. Nxe6 Rxe6 32. e3 Ref6 33. Rad1 Kf8 34. Rd2 Ke7
35. Ra1 Kd7 36. Raa2 Ke6 37. Kg1 Ke5 38. Kg2 Rf8 39. Kg1 R6f7 40. Kg2 Rd8 41.
Rd4 Ra8 42. Rc2 h4 43. g4 Rff8 44. Rd1 Rfd8 45. Rd4 a5 46. Ra2 axb4 47. Rxa8
Rxa8 48. Rxb4 Ra7 49. Rd4 Ra5 50. Rb4 Rb5 51. Rxb5 cxb5 52. Kf1 d4 53. exd4+
Kxd4 54. Ke2 Kc3 55. Ke3 Kxb3 56. Kxe4 Kc3 57. f4 b4 58. f5 b3 59. f6 b2 60. f7
b1=Q+ 61. Ke5 Qf1 62. Ke6 Qf2 63. Ke7 Qxc5+ 64. Ke8 Qe5+ 65. Kd8 Qf6+ 66. Ke8
Qe6+ 67. Kf8 b5 68. Kg7 Qe7 69. Kg8 b4 70. f8=Q Qxf8+ 71. Kxf8 b3 72. Kg7 b2 73.
Kg6 b1=Q+ 74. Kxg5 Qh7 75. Kf6 Kd4 76. g5 Ke3 77. g6 Qg8 0-1

[Event "London Classic Open 2015"]
[Site "London ENG"]
[Date "2015.12.04"]
[Round "1.35"]
[White "Williams, Simon K"]
[Black "Iyengar, Ilya"]
[Result "1-0"]
[WhiteTitle "GM"]
[WhiteElo "2439"]
[BlackElo "2023"]
[WhiteFideId "404454"]
[BlackFideId "405949"]
[EventDate "2015.12.04"]

1. d4 Nf6 2. c4 g6 3. Nc3 Bg7 4. e4 d6 5. Nge2 O-O 6. Ng3 e5 7. d5 a5 8. Be2 Na6
9. h4 h5 10. Bg5 Qe8 11. Qd2 Nh7 12. Bh6 Qe7 13. Bxg7 Kxg7 14. f4 exf4 15. Qxf4
Nf6 16. O-O Ng4 17. Bxg4 Bxg4 18. Nd1 Nc5 19. Nf2 Bd7 20. b3 Rae8 21. Rab1 Qe5
22. Qxe5+ Rxe5 23. a3 f5 24. exf5 Bxf5 25. Nxf5+ Rexf5 26. b4 axb4 27. axb4 Nd7
28. Ne4 Rxf1+ 29. Rxf1 Rxf1+ 30. Kxf1 Ne5 31. c5 Nd3 32. Nxd6 Nxb4 33. Ne8+ Kf7
34. Nxc7 Nd3 35. Ne6 Kf6 36. Ke2 Nb4 37. Nd8 Nxd5 38. Nxb7 Kf5 1-0

[Event "London Classic Open 2015"]
[Site "London ENG"]
[Date "2015.12.04"]
[Round "1.36"]
[White "Mitra, Roman C"]
[Black "Summerscale, Aaron P"]
[Result "0-1"]
[BlackTitle "GM"]
[WhiteElo "2023"]
[BlackElo "2418"]
[WhiteFideId "419540"]
[BlackFideId "400980"]
[EventDate "2015.12.04"]

1. e4 e6 2. Qe2 Be7 3. Nf3 d5 4. d3 Nf6 5. g3 c5 6. Bg2 Nc6 7. O-O O-O 8. e5 Nd7
9. c4 Qc7 10. Bf4 Nb6 11. Na3 a6 12. h4 Rd8 13. Rfd1 Bd7 14. Rac1 Nb4 15. b3 Bc6
16. Nb1 a5 17. a3 Na6 18. a4 Nb4 19. Nc3 Rd7 20. Na2 Nxa2 21. Qxa2 Rad8 22. Qe2
Nc8 23. h5 Na7 24. Kh1 Qb6 25. Rb1 dxc4 26. bxc4 Qc7 27. Qc2 g6 28. hxg6 hxg6
29. g4 b6 30. Bg3 Qb7 31. Qe2 Bxa4 32. Rd2 Bc6 33. Ne1 Bxg2+ 34. Nxg2 Nc6 35.
Qf3 Nb4 36. Qxb7 Rxb7 37. Ne1 Rbd7 38. Rbd1 Rd4 39. f3 Bg5 40. Rb2 Rxc4 0-1

[Event "London Classic Open 2015"]
[Site "London ENG"]
[Date "2015.12.04"]
[Round "1.37"]
[White "D'Costa, Lorin A R"]
[Black "Barton, R Alan"]
[Result "1-0"]
[WhiteTitle "IM"]
[WhiteElo "2418"]
[BlackElo "2012"]
[WhiteFideId "409219"]
[BlackFideId "404233"]
[EventDate "2015.12.04"]

1. Nf3 d6 2. d4 Bg4 3. c4 c6 4. Nc3 Nd7 5. g3 Bxf3 6. exf3 g6 7. Be3 Bg7 8. h4
h5 9. Qd2 Qc7 10. Rc1 a6 11. Bh3 Ngf6 12. O-O Rd8 13. Rfe1 O-O 14. f4 Nb6 15. b3
d5 16. c5 Nc8 17. f5 Qd7 18. Bh6 Ng4 19. Bxg4 hxg4 20. fxg6 fxg6 21. Bxg7 Kxg7
22. Ne2 Rf6 23. Nf4 Rdf8 24. Re5 Kf7 25. Rce1 Rg8 26. Qe3 Rf5 27. Ne6 Rf6 28.
Qh6 Ke8 29. Qh7 Rgf8 30. Nxf8 Kxf8 31. h5 gxh5 32. Rg5 Ke8 33. Rg8+ Rf8 34.
Qxh5+ 1-0

[Event "London Classic Open 2015"]
[Site "London ENG"]
[Date "2015.12.04"]
[Round "1.39"]
[White "McDonald, Neil"]
[Black "Riedener, Toni"]
[Result "0-1"]
[WhiteTitle "GM"]
[WhiteElo "2417"]
[BlackElo "2005"]
[WhiteFideId "400629"]
[BlackFideId "1302698"]
[EventDate "2015.12.04"]

1. e4 c5 2. Nf3 d6 3. d4 cxd4 4. Nxd4 Nf6 5. Nc3 a6 6. Bg5 Nbd7 7. f4 Qc7 8. Qf3
b5 9. O-O-O Bb7 10. Bd3 g6 11. Nd5 Nxd5 12. exd5 Bg7 13. Rhe1 Bf6 14. h4 h6 15.
Bxg6 fxg6 16. Ne6 Qa5 17. Bxf6 Nxf6 18. f5 Rc8 19. fxg6 Qxa2 20. Nd4 Qa1+ 21.
Kd2 Qxb2 22. Qf4 Bxd5 23. Rxe7+ Kxe7 24. Nf5+ Ke8 25. Re1+ Be4 26. Rxe4+ Nxe4+
27. Qxe4+ Kd7 28. Qe7+ Kc6 29. Qxd6+ Kb7 30. Qd5+ Kb6 31. Qe6+ Ka5 32. Ne3 Rhd8+
33. Ke2 Re8 0-1

[Event "London Classic Open 2015"]
[Site "London ENG"]
[Date "2015.12.04"]
[Round "1.41"]
[White "Houska, Jovanka"]
[Black "Korning, Peter"]
[Result "1-0"]
[WhiteTitle "IM"]
[WhiteElo "2409"]
[BlackElo "2000"]
[WhiteFideId "405094"]
[BlackFideId "1723332"]
[EventDate "2015.12.04"]

1. d4 d5 2. Nf3 c5 3. c4 e6 4. cxd5 exd5 5. g3 Nc6 6. Bg2 Nf6 7. O-O Be7 8. dxc5
Bxc5 9. a3 O-O 10. b4 Bb6 11. Bb2 Re8 12. Nc3 a6 13. Rc1 Bg4 14. Na4 Ba7 15. Nc5
Ne4 16. Nxb7 Qb6 17. Qxd5 Nxf2 18. Nc5 Nh3+ 19. Bxh3 Bxh3 20. Ng5 Be6 21. Rxf7
Re7 22. Rxg7+ Rxg7 23. Qxe6+ Kh8 24. Nf7+ Kg8 25. Nh6+ Kh8 26. Qg8+ Rxg8 27.
Nf7# 1-0

[Event "London Classic Open 2015"]
[Site "London ENG"]
[Date "2015.12.04"]
[Round "1.42"]
[White "Odeh, Kenneth"]
[Black "Roberson, Peter T"]
[Result "1/2-1/2"]
[BlackTitle "IM"]
[WhiteElo "2000"]
[BlackElo "2407"]
[WhiteFideId "8500142"]
[BlackFideId "412384"]
[EventDate "2015.12.04"]

1. e4 c5 2. Nc3 Nc6 3. g3 g6 4. Bg2 Bg7 5. d3 d6 6. Be3 Nf6 7. h3 Rb8 8. Qd2 O-O
9. Bh6 Bxh6 10. Qxh6 Nd4 11. Qd2 b5 12. Nce2 e5 13. c3 Nxe2 14. Nxe2 d5 15. exd5
Nxd5 16. d4 exd4 17. cxd4 c4 18. O-O Bf5 19. Nf4 Nxf4 20. Qxf4 Qd7 21. Kh2 Rfd8
22. d5 Qd6 23. Qd4 Qb6 24. Qf4 Qd6 25. Qd4 Qb6 26. Qf4 Rbc8 27. Rfe1 Qd6 28. Qd4
Qc5 29. Qf4 Qd6 30. Qd4 Qc5 31. Qf4 b4 32. Rac1 c3 33. bxc3 bxc3 34. Re5 Re8 35.
Rxf5 gxf5 36. Qg5+ Kf8 37. Qh6+ Ke7 38. Qg5+ Kf8 39. Qh6+ Ke7 40. Qg5+ 1/2-1/2

[Event "London Classic Open 2015"]
[Site "London ENG"]
[Date "2015.12.04"]
[Round "1.43"]
[White "Korley, Kassa"]
[Black "Falkowski, Dawid"]
[Result "1-0"]
[WhiteTitle "IM"]
[WhiteElo "2389"]
[BlackElo "1998"]
[WhiteFideId "2033801"]
[BlackFideId "1139142"]
[EventDate "2015.12.04"]

1. d4 Nf6 2. Nf3 e6 3. c4 c5 4. e3 cxd4 5. Nxd4 Nc6 6. Be2 Be7 7. O-O O-O 8. Nc3
d6 9. b3 Bd7 10. Bb2 Rc8 11. Qd2 Qc7 12. Ndb5 Qb8 13. Rfd1 Rfd8 14. Nxd6 Be8 15.
Nxc8 Rxd2 16. Nxe7+ Nxe7 17. Rxd2 h5 18. Rad1 Nc6 19. h3 Kh7 20. Nb5 Ne4 21. Bd3
f5 22. Bxe4 fxe4 23. Nd4 Ne5 24. Nxe6 Nd3 25. Rxd3 exd3 26. Rxd3 Bc6 27. Rd8 1-0

[Event "London Classic Open 2015"]
[Site "London ENG"]
[Date "2015.12.04"]
[Round "1.44"]
[White "Staples, Daniel J"]
[Black "Kiik, Kalle"]
[Result "0-1"]
[BlackTitle "IM"]
[WhiteElo "1994"]
[BlackElo "2382"]
[WhiteFideId "417211"]
[BlackFideId "4500075"]
[EventDate "2015.12.04"]

1. d4 d5 2. Nf3 c5 3. e3 Nc6 4. Nbd2 Nf6 5. c3 Bg4 6. Be2 e6 7. Ne5 Bxe2 8. Qxe2
Nxe5 9. dxe5 Nd7 10. f4 Be7 11. O-O O-O 12. b3 f6 13. exf6 Bxf6 14. Bb2 Qa5 15.
Qd3 b5 16. e4 c4 17. Qh3 Qb6+ 18. Kh1 Rf7 19. Ba3 cxb3 20. axb3 Rc8 21. e5 Be7
22. Bxe7 Rxe7 23. Qd3 a5 24. Rfc1 Nc5 25. Qd4 Qd8 26. g3 h6 27. b4 Na4 28. Nb3
Rc4 29. Qd2 d4 30. cxd4 Rxb4 31. Nc5 Rxd4 32. Qa2 Rd2 33. Qb1 Nxc5 0-1

[Event "London Classic Open 2015"]
[Site "London ENG"]
[Date "2015.12.04"]
[Round "1.45"]
[White "Gulamali, Kazim"]
[Black "Roque Sola, Jose Luis"]
[Result "1-0"]
[WhiteTitle "FM"]
[BlackTitle "CM"]
[WhiteElo "2379"]
[BlackElo "1992"]
[WhiteFideId "2024764"]
[BlackFideId "5120390"]
[EventDate "2015.12.04"]

1. e4 e6 2. d4 d5 3. Nc3 Nf6 4. e5 Nfd7 5. f4 c5 6. Nf3 Nc6 7. Ne2 f6 8. c3 fxe5
9. fxe5 Be7 10. Nf4 Nb6 11. Bd3 Bd7 12. O-O Qc7 13. Ng5 Bxg5 14. Qh5+ Kd8 15.
Qxg5+ Kc8 16. Qxg7 Re8 17. Be3 Na4 18. Rf2 a6 19. Bxh7 Kb8 20. Rc1 Ka7 21. Nd3
c4 22. Nb4 Re7 23. Rf7 Rxf7 24. Qxf7 Nxb4 25. cxb4 Nxb2 26. g4 Qc6 27. Qe7 Rh8
28. g5 Qa4 29. g6 Qa3 30. Bh6 Qf3 31. Qh4 Qd3 32. Qg3 Qe4 33. Re1 Qc2 34. Qg2
Qd3 1-0

[Event "London Classic Open 2015"]
[Site "London ENG"]
[Date "2015.12.04"]
[Round "1.46"]
[White "Cannon, Raymond C"]
[Black "Martins, David Pires Tavares"]
[Result "0-1"]
[BlackTitle "FM"]
[WhiteElo "1985"]
[BlackElo "2372"]
[WhiteFideId "408018"]
[BlackFideId "1909991"]
[EventDate "2015.12.04"]

1. e4 e6 2. d4 d5 3. Nd2 Nf6 4. e5 Nfd7 5. Bd3 c5 6. c3 Nc6 7. Ne2 cxd4 8. cxd4
f6 9. exf6 Nxf6 10. Nf3 Bd6 11. O-O Qc7 12. Nc3 a6 13. Bg5 O-O 14. Bh4 Nh5 15.
Re1 g6 16. Rc1 Rxf3 17. Qxf3 Nxd4 18. Qe3 Nc6 19. Ne2 Bxh2+ 20. Kh1 Bd6 21. Qh6
Qf7 22. Qe3 e5 23. f3 Be6 24. g4 Nf6 25. Qg5 Nxg4 26. fxg4 Qf3+ 27. Kg1 Qxd3 28.
Qf6 Nd4 29. Nxd4 Qxd4+ 30. Bf2 Qxg4+ 0-1

[Event "London Classic Open 2015"]
[Site "London ENG"]
[Date "2015.12.04"]
[Round "1.47"]
[White "Guramishvili, Sopiko"]
[Black "Calvert, D Ian"]
[Result "1-0"]
[WhiteTitle "IM"]
[WhiteElo "2368"]
[BlackElo "1984"]
[WhiteFideId "13602888"]
[BlackFideId "406368"]
[EventDate "2015.12.04"]

1. d4 d5 2. c4 c5 3. Nf3 cxd4 4. Nxd4 Nf6 5. e3 e5 6. Nf3 Nc6 7. cxd5 Qxd5 8.
Qa4 Be6 9. Nc3 Bb4 10. Bd2 Bxc3 11. Bxc3 O-O 12. Bb5 Ne4 13. Bxc6 bxc6 14. O-O
Nxc3 15. bxc3 f6 16. Rfd1 Qb5 17. Qa3 c5 18. Rd6 Rfe8 19. Ra6 Qd3 20. h3 c4 21.
Rc1 Qd7 22. Rd6 Qe7 23. Qa6 Rad8 24. Rcd1 Rxd6 25. Rxd6 Kf7 26. Nd2 Rc8 27. Ne4
Rc7 28. Rd2 Rd7 29. Rxd7 Qxd7 30. Nc5 Qe7 31. Nxe6 Qxe6 32. Qxa7+ Kg6 33. Qb7 f5
34. a4 Qd6 35. a5 Qd1+ 36. Kh2 Qb3 37. a6 h6 38. Qc6+ 1-0

[Event "London Classic Open 2015"]
[Site "London ENG"]
[Date "2015.12.04"]
[Round "1.48"]
[White "Grigoryan, Meri"]
[Black "Krishna C R G"]
[Result "0-1"]
[WhiteTitle "WFM"]
[BlackTitle "IM"]
[WhiteElo "1983"]
[BlackElo "2367"]
[WhiteFideId "13300571"]
[BlackFideId "5018625"]
[EventDate "2015.12.04"]

1. d4 c5 2. c3 cxd4 3. cxd4 d5 4. Nc3 Nc6 5. Nf3 Nf6 6. e3 g6 7. Bb5 Bd7 8. O-O
Bg7 9. Ne5 O-O 10. f3 Qb6 11. a4 Rfd8 12. a5 Qc7 13. Bxc6 Bxc6 14. b4 Be8 15.
Qb3 e6 16. Bd2 Nd7 17. f4 Nxe5 18. fxe5 Rac8 19. Rfc1 Qd7 20. b5 Rc4 21. b6 a6
22. Nd1 Rdc8 23. Nb2 Rxc1+ 24. Rxc1 Qb5 25. Qxb5 Rxc1+ 26. Bxc1 Bxb5 27. Bd2 Kf8
28. Bb4+ Ke8 29. Kf2 Kd7 30. Nd1 f6 31. Bd6 fxe5 32. dxe5 Kc6 33. Nc3 Bh6 34.
Na2 Bc4 35. Nc3 Bg5 36. g3 h5 37. h4 Bh6 38. Be7 Bd3 39. Kf3 Bc2 40. Kf2 Bd3 41.
Kf3 Kd7 42. Bd6 g5 43. hxg5 Bxg5 44. Na4 Kc6 45. Nc5 Bf5 46. Bf8 Bg4+ 47. Kf2 d4
48. exd4 Bd2 49. d5+ exd5 50. e6 Bxa5 0-1

[Event "London Classic Open 2015"]
[Site "London ENG"]
[Date "2015.12.04"]
[Round "1.49"]
[White "Lokander, Martin"]
[Black "Roque Sola, Gisela"]
[Result "1-0"]
[WhiteTitle "FM"]
[BlackTitle "WFM"]
[WhiteElo "2367"]
[BlackElo "1983"]
[WhiteFideId "1709569"]
[BlackFideId "5120241"]
[EventDate "2015.12.04"]

1. d4 e6 2. Nf3 Nf6 3. c4 b6 4. a3 Bb7 5. Nc3 Be7 6. Qc2 d6 7. e4 Nbd7 8. Be2
O-O 9. O-O e5 10. d5 Re8 11. b4 Nf8 12. Ne1 Ng6 13. Nd3 Bc8 14. Be3 Nd7 15. f3
Bg5 16. Bf2 Nf4 17. Nxf4 exf4 18. Nb5 a6 19. Nd4 Ne5 20. c5 Bh4 21. g3 fxg3 22.
hxg3 Bf6 23. Rac1 Ng6 24. cxb6 cxb6 25. Qd2 Bxd4 26. Bxd4 b5 27. Rc3 f5 28. Bd3
f4 29. gxf4 Qh4 30. f5 Bxf5 31. Bf2 Qf4 32. Qxf4 Nxf4 33. exf5 Re5 34. Bg3 Nxd3
35. Rxd3 Rxf5 36. Rc1 Rg5 37. Kf2 1-0

[Event "London Classic Open 2015"]
[Site "London ENG"]
[Date "2015.12.04"]
[Round "1.51"]
[White "Tania, Sachdev"]
[Black "Millward, Kevin P"]
[Result "1-0"]
[WhiteTitle "IM"]
[WhiteElo "2357"]
[BlackElo "1980"]
[WhiteFideId "5007844"]
[BlackFideId "404721"]
[EventDate "2015.12.04"]

1. d4 d6 2. c4 g6 3. Nc3 Bg7 4. e4 e5 5. Nge2 Nc6 6. Be3 f5 7. exf5 Bxf5 8. d5
Nce7 9. Ng3 Nf6 10. Bd3 Bxd3 11. Qxd3 Qd7 12. Nge4 Nxe4 13. Nxe4 Nf5 14. O-O O-O
15. Ng5 Bh6 16. Ne6 Rf7 17. g4 Nxe3 18. fxe3 Raf8 19. Nxf8 Qxg4+ 20. Kh1 Rxf8
21. Rxf8+ Kxf8 22. Rf1+ Kg7 23. e4 Bf4 24. Qf3 Qh4 25. h3 h5 26. Kg2 g5 27. Qf2
Qxf2+ 28. Kxf2 g4 29. hxg4 h4 30. Rh1 Bg3+ 31. Kf3 Kg6 32. Rh3 Be1 33. Ke2 Ba5
34. Rxh4 Kg5 35. Rh8 Kxg4 36. Rb8 Bb6 37. Rxb7 a5 38. c5 Bxc5 39. Rxc7 Kg5 40.
Rxc5 dxc5 41. Kd3 1-0

[Event "London Classic Open 2015"]
[Site "London ENG"]
[Date "2015.12.04"]
[Round "1.52"]
[White "Xaxiris, E."]
[Black "Baches Garcia, Guillermo"]
[Result "0-1"]
[BlackTitle "IM"]
[WhiteElo "1975"]
[BlackElo "2356"]
[WhiteFideId "4206720"]
[BlackFideId "2209764"]
[EventDate "2015.12.04"]

1. d4 Nf6 2. c4 e6 3. Nc3 Bb4 4. Qc2 O-O 5. e3 b6 6. Nf3 Bb7 7. Bd3 d5 8. cxd5
exd5 9. O-O Nbd7 10. Bd2 a6 11. Rad1 Re8 12. Ng5 Nf8 13. f3 h6 14. Nh3 Ne6 15.
Ne2 Bf8 16. Bc3 Rc8 17. Qd2 Qe7 18. Rfe1 c5 19. Bf5 Rcd8 20. Nf2 Nc7 21. Ng3 Nb5
22. Bb1 Nxc3 23. Qxc3 Qd7 24. Nf5 Qc6 25. dxc5 bxc5 26. Rc1 Qb6 27. Qc2 g6 28.
Ng3 c4 29. e4 dxe4 30. Nxe4 Bxe4 31. fxe4 Ng4 32. Re2 Nxf2 33. Rxf2 Bc5 34. Rf1
Bxf2+ 35. Rxf2 Rxe4 36. g3 Re1+ 37. Kg2 Rdd1 38. Qxc4 Qb7+ 39. Kh3 Rxb1 40. Rf6
Qd7+ 41. g4 Re3+ 42. Kh4 g5+ 0-1

[Event "London Classic Open 2015"]
[Site "London ENG"]
[Date "2015.12.04"]
[Round "1.53"]
[White "Jackson, James P"]
[Black "Skutta, Bernd"]
[Result "1-0"]
[WhiteTitle "FM"]
[WhiteElo "2355"]
[BlackElo "1973"]
[WhiteFideId "416860"]
[BlackFideId "4666950"]
[EventDate "2015.12.04"]

1. e4 d6 2. d4 Nf6 3. Nc3 e5 4. Nf3 Nbd7 5. Bc4 Be7 6. a4 O-O 7. O-O exd4 8.
Nxd4 Ne5 9. Ba2 c6 10. h3 Re8 11. Bf4 Ng6 12. Bh2 Qb6 13. Qd2 Bf8 14. Rfe1 Bd7
15. a5 Qb4 16. f3 d5 17. e5 c5 18. Nb3 Nh5 19. Nxd5 Qh4 20. Qf2 Rac8 21. Qxh4
Nxh4 22. Nd2 Be6 23. c4 Red8 24. g4 Bxd5 25. cxd5 c4 26. d6 c3 27. bxc3 Rxc3 28.
Kf2 Nf6 29. exf6 gxf6 30. Re3 Rc2 31. Re2 Bxd6 32. Bxd6 Rxd6 33. Ne4 Rxe2+ 34.
Kxe2 Rc6 35. Bd5 Rc2+ 36. Kd3 Rh2 37. Nxf6+ Kg7 38. Nh5+ Kg6 39. Bxb7 Kg5 40. a6
Rxh3 41. Ra5+ f5 42. Ke3 Kh6 43. Nf4 Rh1 44. Kf2 1-0

[Event "London Classic Open 2015"]
[Site "London ENG"]
[Date "2015.12.04"]
[Round "1.54"]
[White "McKerracher, Douglas"]
[Black "Englert, Fabian"]
[Result "0-1"]
[BlackTitle "FM"]
[WhiteElo "1972"]
[BlackElo "2350"]
[WhiteFideId "2401002"]
[BlackFideId "24614467"]
[EventDate "2015.12.04"]

1. e4 c5 2. Nc3 Nc6 3. g3 g6 4. Bg2 Bg7 5. d3 d6 6. f4 e5 7. Nf3 Nge7 8. O-O
exf4 9. Bxf4 O-O 10. Qd2 Bg4 11. Bh6 f6 12. Bxg7 Kxg7 13. Nh4 Qd7 14. Rf2 Ne5
15. Raf1 Rac8 16. Qe3 Be6 17. Qd2 b5 18. a3 a6 19. Re2 N7c6 20. Nd5 Bxd5 21.
exd5 Nd4 22. Ree1 b4 23. c3 bxc3 24. bxc3 Nb5 25. Re2 Nxa3 26. Rfe1 Nb5 27. Kh1
Qg4 28. Ra1 Nxc3 29. Rxe5 fxe5 30. Qxc3 g5 31. Nf3 Rxf3 32. Bxf3 Qxf3+ 33. Kg1
Qe3+ 34. Kg2 Rf8 0-1

[Event "London Classic Open 2015"]
[Site "London ENG"]
[Date "2015.12.04"]
[Round "1.55"]
[White "Beinoras, Mindaugas"]
[Black "Boysan, Hasan Ferit"]
[Result "1/2-1/2"]
[WhiteTitle "IM"]
[WhiteElo "2344"]
[BlackElo "1969"]
[WhiteFideId "12802085"]
[BlackFideId "6355030"]
[EventDate "2015.12.04"]

1. d4 Nf6 2. Bg5 e6 3. e4 Be7 4. e5 Nd5 5. Bxe7 Qxe7 6. c4 Nb6 7. Nc3 d6 8. Nf3
dxe5 9. dxe5 N6d7 10. Nb5 Qb4+ 11. Qd2 Qxd2+ 12. Nxd2 Kd8 13. f4 a6 14. Nc3 b6
15. O-O-O Ke7 16. h4 Bb7 17. h5 h6 18. Rh3 a5 19. Rg3 Na6 20. Bd3 Ndc5 21. Bb1
Rad8 22. a3 Rd4 23. Ne2 Rdd8 24. Bc2 Bc6 25. Nf3 Rxd1+ 26. Bxd1 Rg8 27. Nfd4 Be4
28. Nc3 Rd8 29. Nxe4 Rxd4 30. Nxc5 Nxc5 31. Be2 Rxf4 32. Rxg7 a4 33. Rg8 Re4 34.
Kd1 Rxe5 35. Rc8 Na6 36. Ra8 1/2-1/2

[Event "London Classic Open 2015"]
[Site "London ENG"]
[Date "2015.12.04"]
[Round "1.56"]
[White "Shepley, Julien M"]
[Black "Cox, John J"]
[Result "0-1"]
[BlackTitle "IM"]
[WhiteElo "1968"]
[BlackElo "2342"]
[WhiteFideId "403210"]
[BlackFideId "401064"]
[EventDate "2015.12.04"]

1. e4 c5 2. Nf3 Nc6 3. c3 Nf6 4. e5 Nd5 5. Bc4 Nb6 6. Bb3 d5 7. d4 cxd4 8. cxd4
Bg4 9. Be3 e6 10. h3 Bh5 11. O-O Be7 12. a3 O-O 13. Nc3 f6 14. g4 Bg6 15. exf6
Bxf6 16. Qe2 Qd7 17. Rad1 Rac8 18. g5 Be7 19. Nh4 Bd6 20. Nxg6 hxg6 21. Qg4 Ne7
22. a4 Bb4 23. Bd2 Nf5 24. Nb5 Bxd2 25. Rxd2 a6 26. Nc3 Qd6 27. Na2 Nc4 28. Bxc4
Rxc4 29. b3 Rc6 30. Re1 Rfc8 31. Ree2 Kf7 32. Qf3 Qe7 33. Qg4 Qa3 34. Qf3 Rh8
35. Rd3 Qe7 36. Qf4 Rh5 37. Rg3 Rh4 38. Rg4 Rxh3 39. b4 Rd3 40. Rd2 Rxd2 41.
Qxd2 Qc7 0-1

[Event "London Classic Open 2015"]
[Site "London ENG"]
[Date "2015.12.04"]
[Round "1.57"]
[White "Vuilleumier, Alexandre"]
[Black "Taylor, William J"]
[Result "1-0"]
[WhiteTitle "IM"]
[WhiteElo "2342"]
[BlackElo "1962"]
[WhiteFideId "1305662"]
[BlackFideId "423130"]
[EventDate "2015.12.04"]

1. e4 e5 2. Nf3 Nc6 3. Nc3 Nf6 4. Bb5 Bd6 5. O-O O-O 6. d3 a6 7. Bxc6 dxc6 8. h3
h6 9. Nh2 Nd7 10. Qh5 Nc5 11. Ng4 Bxg4 12. hxg4 Ne6 13. Ne2 Qf6 14. Qf5 Qe7 15.
g3 g6 16. Qf3 Kg7 17. Kg2 Ng5 18. Bxg5 Qxg5 19. Rad1 f5 20. gxf5 gxf5 21. exf5
Rxf5 22. Qe3 Qe7 23. Nc3 Bc5 24. Qe2 Raf8 25. Ne4 Bd4 26. c3 Bb6 27. Qg4+ Kh7
28. Rh1 Rxf2+ 29. Nxf2 Rxf2+ 30. Kh3 Qf6 31. d4 exd4 32. Rhe1 Qf7 33. cxd4 h5
34. Qe4+ Kg7 35. Qe5+ Kg6 36. d5 Qf5+ 37. Qxf5+ Rxf5 38. dxc6 bxc6 39. Re2 Rf3
40. Kg2 Rf5 41. Rc1 Rf6 42. b4 Kg5 43. Re5+ Kg6 44. a4 Rd6 45. Rc2 Kh6 46. a5
Bd4 47. Re7 1-0

[Event "London Classic Open 2015"]
[Site "London ENG"]
[Date "2015.12.04"]
[Round "1.58"]
[White "Prior, Stephen C V"]
[Black "Papp, Petra"]
[Result "1/2-1/2"]
[BlackTitle "WGM"]
[WhiteElo "1959"]
[BlackElo "2336"]
[WhiteFideId "423378"]
[BlackFideId "739049"]
[EventDate "2015.12.04"]

1. c4 Nf6 2. g3 c5 3. Nf3 d5 4. cxd5 Nxd5 5. Nc3 Nc6 6. Bg2 Nc7 7. d3 e5 8. Nd2
Bd7 9. Nc4 f6 10. Ne3 Be6 11. Bxc6+ bxc6 12. Qa4 Qd7 13. Nc4 Nd5 14. Ne4 Rb8 15.
Ned2 Be7 16. Na5 Rb5 17. Ndc4 O-O 18. Bd2 Kh8 19. Qc2 Nb4 20. Qc1 Bg4 21. Bxb4
cxb4 22. Nb3 Rd8 23. Qe3 Bh3 24. O-O-O Be6 25. Rd2 a5 26. Nb6 Qd6 27. Nc4 Qd5
28. Rdd1 a4 29. Nbd2 Bc5 30. Qe4 Bxf2 31. Qh4 a3 32. b3 Qd4 33. Qxd4 Bxd4 34.
Kc2 Bg4 35. Nf3 Bc3 36. h3 Bf5 37. g4 Bg6 38. Nh4 Bf7 39. Nf5 Rbd5 40. Ne7 Rc5
41. Nf5 Be6 42. e4 Bd4 43. Rhf1 Rb5 44. Rf3 Bc5 45. Nfe3 Rb7 46. Rff1 Rbd7 47.
Rf3 Kg8 48. Rff1 Rf7 49. Nf5 Bf8 50. Nfe3 g6 51. Rf3 Bh6 52. Rff1 Bf8 53. Rf3
Bc5 54. Rff1 Kg7 55. h4 Bd4 56. h5 Kh6 57. Rf3 Kg7 58. Rh3 Kf8 59. Rf1 Ke7 60.
Rfh1 Rg8 61. hxg6 Rxg6 62. Rxh7 Bxc4 63. Nf5+ Kd8 64. bxc4 Rxh7 65. Rxh7 Rxg4
66. Kb3 Bc3 67. Rh8+ Kc7 68. Rh2 Rg1 69. c5 Rb1+ 70. Kc4 Rb2 71. Rh7+ Kd8 72.
Rh8+ Kd7 73. Rh7+ Ke8 74. Rh8+ Kf7 75. Rc8 Rxa2 76. Rc7+ Kg6 77. Rxc6 Rc2 78.
Ne3 Re2 79. Nd5 a2 80. Rxf6+ Kg7 81. Ra6 a1=Q 82. Rxa1 Bxa1 83. Nxb4 Rf2 84. c6
Rf8 85. Nd5 Bd4 86. Kb5 Kf7 87. c7 Ke6 88. Kc6 Bf2 89. Kb7 Kd7 90. Nf6+ Ke6 91.
Nd5 Kd7 92. Nf6+ Ke6 93. Nd5 Kd7 94. Nf6+ 1/2-1/2